|
|
|
|
| LEADER |
01974nam a2200457 i 4500 |
| 001 |
EBC1711040 |
| 003 |
MiAaPQ |
| 005 |
20200520144314.0 |
| 006 |
m o d | |
| 007 |
cr cnu|||||||| |
| 008 |
140830t20142014caua ob 001 0 eng d |
| 020 |
|
|
|z 9780520283305
|
| 020 |
|
|
|a 9780520959170
|q (electronic bk.)
|
| 035 |
|
|
|a (MiAaPQ)EBC1711040
|
| 035 |
|
|
|a (Au-PeEL)EBL1711040
|
| 035 |
|
|
|a (CaPaEBR)ebr10909213
|
| 035 |
|
|
|a (CaONFJC)MIL637130
|
| 035 |
|
|
|a (OCoLC)890786516
|
| 040 |
|
|
|a MiAaPQ
|b eng
|e rda
|e pn
|c MiAaPQ
|d MiAaPQ
|
| 043 |
|
|
|a a-ja---
|a a-cc---
|
| 050 |
|
4 |
|a HF1602.15.C6
|b .F644 2014
|
| 082 |
0 |
|
|a 382/.95105209034
|2 23
|
| 100 |
1 |
|
|a Fogel, Joshua A.,
|d 1950-
|e author.
|
| 245 |
1 |
0 |
|a Maiden voyage :
|b the Senzaimaru and the creation of modern Sino-Japanese relations /
|c Joshua A. Fogel.
|
| 264 |
|
1 |
|a Oakland, California :
|b University of California Press,
|c 2014.
|
| 264 |
|
4 |
|c 2014
|
| 300 |
|
|
|a 1 online resource (315 pages) :
|b illustrations
|
| 336 |
|
|
|a text
|2 rdacontent
|
| 337 |
|
|
|a computer
|2 rdamedia
|
| 338 |
|
|
|a online resource
|2 rdacarrier
|
| 504 |
|
|
|a Includes bibliographical references and index.
|
| 588 |
|
|
|a Description based on print version record.
|
| 590 |
|
|
|a Electronic reproduction. Ann Arbor, MI : ProQuest, 2015. Available via World Wide Web. Access may be limited to ProQuest affiliated libraries.
|
| 651 |
|
0 |
|a Japan
|x Foreign economic relations
|z China.
|
| 651 |
|
0 |
|a China
|x Foreign economic relations
|z Japan.
|
| 651 |
|
0 |
|a Japan
|x Foreign relations
|y 1600-1868.
|
| 651 |
|
0 |
|a China
|x Foreign relations
|y 1644-1912.
|
| 655 |
|
4 |
|a Electronic books.
|
| 776 |
0 |
8 |
|i Print version:
|a Fogel, Joshua A., 1950-
|t Maiden voyage : the Senzaimaru and the creation of modern Sino-Japanese relations.
|d Oakland, California : Ulysses Press, c2014
|h ix, 301 pages
|z 9780520283305
|w 2014006512
|
| 797 |
2 |
|
|a ProQuest (Firm)
|
| 856 |
4 |
0 |
|u https://ebookcentral.proquest.com/lib/matrademy/detail.action?docID=1711040
|z Click to View
|